000 00826nam a2200253 i 4500
001 bg
100 1 _aWALDZIŃSKI, Dariusz
245 1 0 _aMiejsce i rola samorządów lokalnych w polskiej polityce morskiej /
_cDariusz Waldziński.
260 _aGdańsk :
_bWydaw. PG,
_c1999.
300 _a247 s. :
_b1 mapa ;
_c24 cm.
490 1 _aMonografie / Politechnika Gdańska ;
_v9
500 _aStreszcz. ang.
504 _aBibliogr.
650 9 _aGospodarka morska
_xpolityka
_zPolska
_yod 1989 r.
650 9 _aSamorząd terytorialny
_xpolityka
_zPolska
_yod 1989 r.
830 0 _aMonografie (Politechnika Gdańska) ;
_v9
020 _a8388007122
040 _cBPK
041 0 _apl
_ben
080 _a338.4(26):352/353](438)"1989/..."
920 _a83-88007-12-2
942 _cKS
008 s pl f |000 0 pol
999 _c38433
_d38433
856 _uhttp://koha.tu.koszalin.pl/cgi-bin/koha/opac-detail.pl?biblionumber=38433
_yKatalog online BPK